Impact of cure system on the efficiency of reinforcement of natural rubber with insitu silanised silica with special reference to abrasion resistance: TBzTD based cure systems (Record no. 75654)

MARC details
000 -LEADER
fixed length control field 00743nam a22001817a 4500
100 ## - MAIN ENTRY--AUTHOR NAME
Personal name Johnson, R.S.
245 ## - TITLE STATEMENT
Title Impact of cure system on the efficiency of reinforcement of natural rubber with insitu silanised silica with special reference to abrasion resistance: TBzTD based cure systems
260 ## - PUBLICATION, DISTRIBUTION, ETC. (IMPRINT)
Name of publisher International Rubber Conference-Rubber Con 2024: Sustainable Development in Rubber Industry-Challenges and Opportunities, 5-7 December 2024, Indian Rubber Institute, Kochi, India, p. 102.
300 ## - PHYSICAL DESCRIPTION
Other physical details Abstract only
650 ## - SUBJECT ADDED ENTRY--TOPICAL TERM
Topical Term Silica reonforcement
650 ## - SUBJECT ADDED ENTRY--TOPICAL TERM
Topical Term Cure system
650 ## - SUBJECT ADDED ENTRY--TOPICAL TERM
Topical Term Silanisation
650 ## - SUBJECT ADDED ENTRY--TOPICAL TERM
Topical Term Green tyre
700 ## - ADDED ENTRY--PERSONAL NAME
Personal name Madhusoodanan, K.N.
700 ## - ADDED ENTRY--PERSONAL NAME
Personal name George, B.
942 ## - ADDED ENTRY ELEMENTS (KOHA)
Koha item type Journals
Holdings
Withdrawn status Lost status Damaged status Not for loan Home library Current library Date acquired Koha item type
        RRII Library RRII Library 24/09/2025 Journals